Law as process: an anthropological approach (Record no. 80627)
[ view plain ]
| 000 -LEADER | |
|---|---|
| fixed length control field | 00894nam a2200181 a 4500 |
| 008 - FIXED-LENGTH DATA ELEMENTS--GENERAL INFORMATION | |
| fixed length control field | 120416s1978 ||||||||||||||||| || u |
| 050 ## - LIBRARY OF CONGRESS CALL NUMBER | |
| Classification number | GN 493 Moo |
| 100 ## - MAIN ENTRY--PERSONAL NAME | |
| Personal name | Moore, Sally Falk |
| 245 10 - TITLE STATEMENT | |
| Title | Law as process: an anthropological approach |
| 260 ## - PUBLICATION, DISTRIBUTION, ETC. | |
| Place of publication, distribution, etc. | London |
| Name of publisher, distributor, etc. | Routledge and Kegan Paul |
| Date of publication, distribution, etc. | (1978) |
| 300 ## - PHYSICAL DESCRIPTION | |
| Extent | vi, 270p. |
| 350 ## - | |
| -- | 0.00 |
| 650 ## - SUBJECT ADDED ENTRY--TOPICAL TERM | |
| Topical term or geographic name entry element | Law-- Anthropological aspects |
| 650 ## - SUBJECT ADDED ENTRY--TOPICAL TERM | |
| Topical term or geographic name entry element | ANTHROPOLOGY |
| 995 ## - | |
| -- | MAIN LIBRARY OPEN ACCESS |
| -- | 0.00 |
| -- | 706813 |
| -- | CBU-MAIN LIBRARY (Kitwe) |
| -- | 1 |
| -- | 10.00 |
| -- | GN 493 Moo |
| -- | 1 |
| -- | AVAILABLE |
| -- | 001424 |
| -- | Main Library Open Access Collection |
| 995 ## - | |
| -- | MAIN LIBRARY OPEN ACCESS |
| -- | 0.00 |
| -- | 706814 |
| -- | CBU-MAIN LIBRARY (Kitwe) |
| -- | 3 |
| -- | 10.00 |
| -- | GN 493 Moo |
| -- | 3 |
| -- | AVAILABLE |
| -- | 001423 |
| -- | Main Library Open Access Collection |
| 995 ## - | |
| -- | MAIN LIBRARY OPEN ACCESS |
| -- | 0.00 |
| -- | 707545 |
| -- | CBU-MAIN LIBRARY (Kitwe) |
| -- | 2 |
| -- | 10.00 |
| -- | GN 493 Moo |
| -- | 2 |
| -- | AVAILABLE |
| -- | 017845 |
| -- | Main Library Open Access Collection |
| 999 ## - | |
| -- | 80627 |
| -- | 80627 |
| Withdrawn status | Lost status | Source of classification or shelving scheme | Damaged status | Not for loan | Permanent Location | Current Location | Shelving location | Date acquired | Total Checkouts | Full call number | Barcode | Date last seen | Copy number | Price effective from | Koha item type |
|---|---|---|---|---|---|---|---|---|---|---|---|---|---|---|---|
| CBU-MAIN LIBRARY, KITWE. | CBU-MAIN LIBRARY, KITWE. | 06/30/2023 | GN 493 Moo | 001424 | 06/30/2023 | 1 | 06/30/2023 | MONOGRAPH | |||||||
| CBU-MAIN LIBRARY, KITWE. | CBU-MAIN LIBRARY, KITWE. | 06/30/2023 | GN 493 Moo | 001423 | 06/30/2023 | 2 | 06/30/2023 | MONOGRAPH | |||||||
| CBU-MAIN LIBRARY, KITWE. | CBU-MAIN LIBRARY, KITWE. | 06/30/2023 | GN 493 Moo | 017845 | 06/30/2023 | 3 | 06/30/2023 | MONOGRAPH |